000 00349nam a2200157Ia 4500
005 20250423095543.0
008 250422s9999 xx 000 0 und d
020 _a9759132125
050 _aDS 51 .S216/
245 0 _aGuide : Samsun
260 _aAsarcik
260 _bGovernorship of Samsun
260 _c2008
300 _a224 p
942 _cBK
999 _c30626
_d30626